000 00409nam a2200145Ia 4500
008 230711s9999||||xx |||||||||||||| ||und||
041 _aENG
082 _a621
_bCA-E
100 _aCadd Center Traning Prt
245 0 _aElectrical/electronics project work shop foundation 2000
250 _a1st Ed.
260 _c2002
_aNew Delhi
_bCadd Center Traning Pvt Ltd
650 _aElectronics Engineering
942 _cBK
999 _c4044
_d4044